000 00492nam a2200181Ia 4500
005 20250326124531.0
008 250326s9999 xx 000 0 und d
037 _aTextbook
040 _aFMSL
_beng
_cFMSL
041 _aeng
_2eng
084 _aX:8 K9
_qFMSL
100 _aMorris W T
_9737547
245 0 _aManagement decision-making
_cMorris W T; Bierman H
260 _aLondon
_bLondon, Pan Books
_c1969
300 _a201p
942 _cTB
_hX:8 K9
999 _c1274080
_d1274080